[Event "Let's Play Chess!"]
[Site "http://www.queenalice.com/game.php?id=605547"]
[Date "2009.6.18"]
[Round "-"]
[White "Heike67"]
[Black "joinville"]
[Result "1/2-1/2"]
[WhiteElo "2121"]
[BlackElo "1765"]

1. d3 d5 2. g3 e5 3. Bg2 Nf6 4. Bg5 Bc5 5. e3 Be6 6. Ne2 O-O 7. O-O Nbd7 8. Nbc3
h6 9. Bxf6 Nxf6 10. a3 c6 11. b4 Bd6 12. Na4 Nd7 13. c4 dxc4 14. dxc4 Bxc4 15.
Qxd6 Bxe2 16. Rfe1 Bg4 17. Nc3 Qf6 18. Qxf6 Nxf6 19. Na4 Rad8 20. Rac1 Nd5 21.
Nc5 Bc8 22. Red1 Nc7 23. Ne4 Bg4 24. Rxd8 Rxd8 25. Nc5 Bc8 26. h4 Ne6 27. a4
Nxc5 28. Rxc5 f6 29. b5 Kf7 30. bxc6 b6 31. Rc2 Ke7 32. c7 Rd1+ 33. Kh2 h5 34.
e4 g6 35. f4 exf4 36. gxf4 Rd4 37. Rc6 Rxa4 1/2-1/2

[Event "Let's Play Chess!"]
[Site "http://www.queenalice.com/game.php?id=605549"]
[Date "2009.6.18"]
[Round "-"]
[White "Heike67"]
[Black "joinville"]
[Result "1/2-1/2"]
[WhiteElo "2061"]
[BlackElo "1715"]

1. e4 c5 2. Nf3 d6 3. d4 cxd4 4. Nxd4 Nf6 5. Nc3 g6 6. f3 Bg7 7. Be3 O-O 8. Qd2
Nc6 9. O-O-O d5 10. Nxc6 bxc6 11. exd5 Nxd5 12. Nxd5 cxd5 13. Qxd5 Qc7 14. Qxa8
Bf5 15. Qxf8+ Kxf8 16. Rd2 h5 17. Be2 Kg8 18. Rhd1 Kh7 19. g4 hxg4 20. fxg4 Be6
21. h4 Bxa2 22. h5 Bc4 23. Bxc4 Qxc4 24. hxg6+ Kxg6 25. Rd5 e6 1/2-1/2

[Event "Let's Play Chess!"]
[Site "http://www.queenalice.com/game.php?id=605550"]
[Date "2009.6.18"]
[Round "-"]
[White "joinville"]
[Black "Heike67"]
[Result "1/2-1/2"]
[WhiteElo "1701"]
[BlackElo "2070"]

1. e4 e5 2. Nf3 d6 3. d4 exd4 4. Qxd4 Nc6 5. Bb5 Bd7 6. Bxc6 Bxc6 7. Nc3 Nf6 8.
Bg5 Be7 9. O-O-O O-O 10. Rhe1 Re8 11. Kb1 Nd7 12. Bxe7 Qxe7 13. Nd5 Bxd5 14.
exd5 Qf6 15. Qxf6 Nxf6 16. h3 Rxe1 17. Nxe1 Re8 18. f3 Nxd5 19. Nd3 1/2-1/2

[Event "AUTO-OPEN-1593"]
[Site "http://www.queenalice.com/game.php?id=606275"]
[Date "2009.6.20"]
[Round "1"]
[White "drd123"]
[Black "joinville"]
[Result "0-1"]
[WhiteElo "2006"]
[BlackElo "1738"]

1. e4 c5 2. Nf3 Nc6 3. d4 cxd4 4. Nxd4 g6 5. Be3 Nf6 6. f3 Bg7 7. Nc3 O-O 8. Bc4
Na5 9. Bb3 b6 10. O-O Ba6 11. Re1 Nc4 12. Bxc4 Bxc4 13. b3 Ba6 14. Nce2 d5 15.
Ng3 Qc7 16. Rc1 dxe4 17. Nxe4 Nxe4 18. fxe4 Rad8 19. c3 e5 20. Bg5 Rd7 21. Qg4
exd4 22. Bf4 Qd8 23. Red1 d3 24. c4 Bb7 25. Bg5 Qe8 26. Rd2 Bxe4 27. Re1 Bf5 28.
Qg3 Qc8 29. Be3 Re8 0-1

[Event "AUTO-OPEN-1593"]
[Site "http://www.queenalice.com/game.php?id=606276"]
[Date "2009.6.20"]
[Round "1"]
[White "joinville"]
[Black "drd123"]
[Result "1-0"]
[WhiteElo "1779"]
[BlackElo "2034"]

1. e4 e5 2. Nf3 Nc6 3. Bb5 a6 4. Ba4 Nf6 5. O-O Be7 6. Re1 b5 7. Bb3 O-O 8. c3
d6 9. h3 Na5 10. Bc2 c5 11. d4 Qc7 12. Nbd2 Re8 13. Nf1 Bf8 14. b3 Bb7 15. d5
Rac8 16. Ng3 g6 17. Bg5 Nd7 18. Qd2 Ba8 19. Nh2 Nb7 20. Ng4 Bg7 21. Bh6 c4 22.
b4 a5 23. a3 a4 24. Nf5 Bxh6 25. Ngxh6+ Kf8 26. Qg5 Qd8 27. Qg3 Qf6 28. Ng4 Qg5
29. Nxe5 Qd8 30. Nc6 Qf6 31. Nfd4 Ne5 32. Nxe5 Rxe5 33. Nxb5 Rg5 34. Qe3 h6 35.
Bxa4 1-0

[Event "AUTO-OPEN-1593"]
[Site "http://www.queenalice.com/game.php?id=606297"]
[Date "2009.6.20"]
[Round "1"]
[White "J_Ricardo"]
[Black "joinville"]
[Result "0-1"]
[WhiteElo "1493"]
[BlackElo "1805"]

1. e4 e6 2. d4 d5 3. e5 c5 4. c3 Nc6 5. Nf3 Qb6 6. Nbd2 cxd4 7. cxd4 Nxd4 8.
Nxd4 Qxd4 9. Qe2 Bb4 10. a3 Bxd2+ 11. Bxd2 Qxb2 12. Qd1 Qxe5+ 13. Be2 Nf6 14. h3
O-O 15. O-O Bd7 16. Rb1 Bc6 17. Bf3 Rfe8 18. a4 Rac8 19. a5 Qf5 20. Rb4 e5 21.
Bg4 Nxg4 22. Rxg4 d4 23. Qe2 e4 24. Rf4 Qe5 25. Re1 Re6 26. Qg4 Rce8 27. f3 h5
28. Qh4 g5 29. Qxh5 gxf4 30. Qg4+ Rg6 31. Bxf4 Rxg4 32. hxg4 Qxf4 33. Kf1 Bb5+
34. Kg1 exf3 35. Rxe8+ Bxe8 36. Kf2 d3 37. gxf3 d2 38. Ke2 Ba4 0-1

[Event "AUTO-OPEN-1593"]
[Site "http://www.queenalice.com/game.php?id=606298"]
[Date "2009.6.20"]
[Round "1"]
[White "joinville"]
[Black "J_Ricardo"]
[Result "1-0"]
[WhiteElo "1729"]
[BlackElo "1542"]

1. e4 e5 2. Nf3 d6 3. d4 exd4 4. Qxd4 f6 5. Nc3 Nc6 6. Bb5 Ne7 7. Be3 a6 8.
Bxc6+ Nxc6 9. Qd2 Be6 10. O-O-O Nb4 11. Kb1 Qd7 12. Nd4 c5 13. Nxe6 Qxe6 14.
Rhe1 Be7 15. Nd5 Nxd5 16. exd5 Qe5 17. Bxc5 Qxh2 18. Qe3 dxc5 19. Qxe7# 1-0